000 00750nam a2200265Ia 4500
003 OSt
005 20220916110935.0
006 a|||||r|||| 00| 0
007 ta
008 220915b |||||||| |||| 00| 0 eng d
020 _a9788183703673 (hbk)
024 _a20,298
037 _b7122, 03/12/2014, Friends Publications
037 _cTextbook
040 _beng
_aARTS
_cARTS
041 _aeng
082 _aVv278, Q3
100 _aDutta S
245 0 _aHistory and historiography of Arunchal Pradesh
260 _aDelhi
_bAkansha Publishing House India
300 _axii,179p.
_ccm.
650 _aHISTORY
942 _hVv278, Q3
_cTB
_2CC
999 _c101881
_d101881